LDR 00840naa#a2200193#i#450# 001 EN\\bibl\120580 005 20260429110343.3 011 ## _a2587-6740 100 ## _a20260415b2026####ek#y0engy0150####ca 102 ## _aRU 200 1# _aImprovement of cadastral support for the involvement of unused agricultural lands into economic circulation _eJournal article 210 1# _aMoscow _cElectronic science _d2026 215 ## _a5 с. 608 ## _aJournal article _2local 675 ## _aВнешнеторговая политика. Инструменты внешнеторговой политики например,. 339.54 _aЭкономические сравнения, сопоставления. 338.001.36 _z 700 #1 _aSorokina _gOlga Anatol'evna 700 #1 _aKomarov _gStanislav Igorevich 700 #1 _aChibirkina _gEvgeniya Aleksandrovna 856 4# _amshj.ru _u